000 002590000a22000970004500
100 1 _aGreen, Guillermo
245 1 0 _aDel escritorio al púlpito : ¿Un disco rayado?
300 _aVol. 2, Núm 2 (2000), Páginas 37-45
773 0 _tReforma Siglo 21
942 _cANA
999 _c52902
_d52902